000 00993nam a2200265Ia 4500
003 OSt
005 20220923221238.0
006 a|||||r|||| 00| 0
007 ta
008 220922b |||||||| |||| 00| 0 hin d
024 _a195,927
037 _cTextual
040 _aARTS
_cARTS
_bhin
041 _2hin
_ahin
082 _aP15v, 152L4
100 _aशर्मा, देवीदत्त
245 0 _aसंस्कृत का ऐतिहासिक एवं संरचनात्मक परिचय
246 _aSanskṛut kā aitihāsik evan sanrachanātmak parichaya
260 _aचण्डीगड़
_b हरियाणा हिन्दी ग्रंथ अकादमी
_c1974
300 _a250पृ.
_ccm.
650 _a संस्कृत साहित्य
650 _aहिन्दी भाषा
942 _hP15v, 152L4
_cTEXL
_2CC
999 _c348018
_d348018